[Event "Gibtelecom ChallWk1 7th"]
[Site "Gibraltar"]
[Date "2009.01.27"]
[Round "1.23"]
[White "Bucknell, Malcolm Gordon"]
[Black "Dunlop, Anthony"]
[Result "1-0"]
[WhiteElo "2064"]
[BlackElo "1588"]
[PlyCount "101"]
[EventDate "2009.01.27"]
[EventType "swiss"]
[EventRounds "5"]
[EventCountry "GGB"]
[SourceTitle "BritBase"]
[Source "www.saund.co.uk"]
[SourceDate "2018.02.10"]
[SourceVersion "1"]
[SourceVersionDate "2018.02.10"]
[SourceQuality "1"]

1. c3 c5 2. Nf3 Nc6 3. g3 d5 4. Bg2 Nf6 5. O-O h6 6. d3 e5 7. Re1 Be6 8. Qa4
Bd6 9. e4 a6 10. exd5 b5 11. Qc2 Nxd5 12. a3 Rc8 13. Nbd2 O-O 14. Nf1 Qd7 15.
Qe2 Bh3 16. Qe4 Bxg2 17. Kxg2 Nde7 18. b4 f5 19. Qe2 Ng6 20. Be3 f4 21. Bxc5
fxg3 22. hxg3 Bxc5 23. bxc5 Qg4 24. Qa2+ Kh8 25. N1h2 Qf5 26. Re4 Rcd8 27. Qe2
Nge7 28. Nh4 Qd7 29. Rd1 Rf6 30. Ng4 Re6 31. Nxe5 Nxe5 32. Rxe5 Qc6+ 33. Kg1
Rxe5 34. Qxe5 Nd5 35. Nf5 Nf6 36. Ne7 Qf3 37. Rd2 Ng4 38. Qf5 Qxf5 39. Nxf5 Ne5
40. Nd4 Rc8 41. c6 Rxc6 42. f4 Nc4 43. dxc4 Rxc4 44. Rd3 Kg8 45. Kf2 Kf7 46.
Ke3 Ke7 47. Ke4 Ra4 48. Kf3 Rxa3 49. Nc6+ Kf8 50. Ke3 g5 51. Kf3 1-0

[Event "Gibtelecom ChallWk1 7th"]
[Site "Gibraltar"]
[Date "2009.01.27"]
[Round "1.24"]
[White "Hamer, Martyn"]
[Black "Urbina Perez, Juan Antonio"]
[Result "1-0"]
[WhiteElo "2022"]
[BlackElo "2215"]
[PlyCount "73"]
[EventDate "2009.01.27"]
[EventType "swiss"]
[EventRounds "5"]
[EventCountry "GGB"]
[SourceTitle "BritBase"]
[Source "www.saund.co.uk"]
[SourceDate "2018.02.10"]
[SourceVersion "1"]
[SourceVersionDate "2018.02.10"]
[SourceQuality "1"]

1. e4 c5 2. Nf3 d6 3. d4 cxd4 4. Nxd4 Nf6 5. Nc3 a6 6. g4 Bxg4 7. f3 Bd7 8. Bg5
Nc6 9. Be2 e6 10. Nb3 Be7 11. Qd2 Qc7 12. O-O-O b5 13. Rhg1 h6 14. Be3 Bf8 15.
Nd4 b4 16. Nb1 Nxd4 17. Bxd4 e5 18. Be3 a5 19. Qe1 Rc8 20. Bd3 Be6 21. Qf2 Rb8
22. Nd2 Bxa2 23. Qe2 Be6 24. Bb5+ Bd7 25. Bxd7+ Nxd7 26. Nc4 b3 27. c3 Rc8 28.
Na3 Rb8 29. Nc4 a4 30. Rd5 Nf6 31. Ra5 a3 32. Ra7 Qc6 33. Nxa3 d5 34. exd5 Qc8
35. Bd4 Bxa3 36. Qxe5+ Kf8 37. Rxf7+ 1-0

[Event "Gibtelecom ChallWk1 7th"]
[Site "Gibraltar"]
[Date "2009.01.27"]
[Round "1.25"]
[White "Navarro Perez, Manuel"]
[Black "Kandic, Milan"]
[Result "1/2-1/2"]
[WhiteElo "2097"]
[BlackElo "2208"]
[PlyCount "84"]
[EventDate "2009.01.27"]
[EventType "swiss"]
[EventRounds "5"]
[EventCountry "GGB"]
[SourceTitle "BritBase"]
[Source "www.saund.co.uk"]
[SourceDate "2018.02.10"]
[SourceVersion "1"]
[SourceVersionDate "2018.02.10"]
[SourceQuality "1"]

1. e4 d6 2. f4 Nf6 3. Nc3 c5 4. Nf3 Nc6 5. Bb5 a6 6. Bxc6+ bxc6 7. d3 g6 8. O-O
Bg7 9. Qe1 O-O 10. Qh4 Re8 11. f5 gxf5 12. Bh6 Bxh6 13. Qxh6 e5 14. Ng5 Ra7 15.
exf5 d5 16. Rf3 Kh8 17. Raf1 Rg8 18. Nxh7 Nxh7 19. Rh3 f6 20. Ne2 Qf8 21. Qh4
Rg5 22. Ng3 Rg8 23. Kh1 Qf7 24. Qa4 Bd7 25. Qa5 Be8 26. Qxc5 Rb7 27. b3 Qe7 28.
Qa5 Qc7 29. Qc5 Rb5 30. Qa3 a5 31. c4 dxc4 32. dxc4 Rb8 33. Ne4 Rg7 34. Rxh7+
Rxh7 35. Nxf6 Kg7 36. Nxh7 Kxh7 37. Rf3 Qd8 38. Qc1 Qf6 39. g4 Qh4 40. Qe3 Qxg4
41. Rg3 Qxf5 42. Qa7+ Qf7 1/2-1/2

[Event "Gibtelecom ChallWk1 7th"]
[Site "Gibraltar"]
[Date "2009.01.27"]
[Round "1.26"]
[White "Vinas Guerrero, Carlos A"]
[Black "Guerrero Beret, Jesus"]
[Result "1-0"]
[WhiteElo "2104"]
[BlackElo "1964"]
[PlyCount "62"]
[EventDate "2009.01.27"]
[EventType "swiss"]
[EventRounds "5"]
[EventCountry "GGB"]
[SourceTitle "BritBase"]
[Source "www.saund.co.uk"]
[SourceDate "2018.02.10"]
[SourceVersion "1"]
[SourceVersionDate "2018.02.10"]
[SourceQuality "1"]

1. e4 e5 2. Nf3 Nc6 3. Bb5 d6 4. O-O Nf6 5. d4 exd4 6. Nxd4 Bd7 7. Nc3 Be7 8.
Nb3 O-O 9. Be2 Ne5 10. f4 Ng6 11. Kh1 Bc6 12. Qd3 d5 13. e5 Ne4 14. Be3 Bb4 15.
Nxe4 dxe4 16. Qc4 Be7 17. Rad1 Qc8 18. Na5 Qe6 19. Qxe6 fxe6 20. Nxc6 bxc6 21.
Bc4 Rab8 22. Bxe6+ Kh8 23. b3 Rbd8 24. g3 Bb4 25. a4 a5 26. Kg2 Ne7 27. c4 c5
28. Rd7 Rxd7 29. Bxd7 Rd8 30. e6 Nf5 31. Bf2 Bc3 1-0

[Event "Gibtelecom ChallWk1 7th"]
[Site "Gibraltar"]
[Date "2009.01.27"]
[Round "1.27"]
[White "Pendlebury, Ian G"]
[Black "Osuna Vega, Enrique"]
[Result "0-1"]
[WhiteElo "2016"]
[BlackElo "2130"]
[PlyCount "48"]
[EventDate "2009.01.27"]
[EventType "swiss"]
[EventRounds "5"]
[EventCountry "GGB"]
[SourceTitle "BritBase"]
[Source "www.saund.co.uk"]
[SourceDate "2018.02.10"]
[SourceVersion "1"]
[SourceVersionDate "2018.02.10"]
[SourceQuality "1"]

1. d4 e6 2. Nf3 f5 3. Bg5 Nf6 4. Nbd2 d5 5. e3 Nbd7 6. c4 c6 7. Bd3 Bd6 8. O-O
O-O 9. Bf4 Ne4 10. Bxe4 Bxf4 11. Bxd5 Bxh2+ 12. Kxh2 cxd5 13. cxd5 Nf6 14. dxe6
Ng4+ 15. Kg1 Bxe6 16. b3 Rf6 17. Nc4 Rh6 18. Nce5 Qe8 19. Re1 Qh5 20. Kf1 Qh1+
21. Ng1 Nh2+ 22. Ke2 Qxg2 23. Rc1 f4 24. Rc3 Ng4 0-1

[Event "Gibtelecom ChallWk1 7th"]
[Site "Gibraltar"]
[Date "2009.01.27"]
[Round "1.30"]
[White "Beltran Medina, Jorge"]
[Black "Dimitrijevic, Dragan"]
[Result "1-0"]
[WhiteElo "2006"]
[BlackElo "2069"]
[PlyCount "87"]
[EventDate "2009.01.27"]
[EventType "swiss"]
[EventRounds "5"]
[EventCountry "GGB"]
[SourceTitle "BritBase"]
[Source "www.saund.co.uk"]
[SourceDate "2018.02.10"]
[SourceVersion "1"]
[SourceVersionDate "2018.02.10"]
[SourceQuality "1"]

1. d4 Nf6 2. c4 g6 3. Nc3 d5 4. Bf4 Bg7 5. e3 c5 6. dxc5 Qa5 7. Qa4+ Qxa4 8.
Nxa4 Ne4 9. f3 Bd7 10. fxe4 Bxa4 11. cxd5 Bxb2 12. Rb1 Bc3+ 13. Kf2 Nd7 14. Rc1
Nxc5 15. Kf3 Bb4 16. Rc4 a5 17. a3 Bd1+ 18. Be2 Bxe2+ 19. Nxe2 Bxa3 20. Rb1 a4
21. Nd4 g5 22. Bxg5 Nd7 23. Bf4 Bc5 24. Rxb7 a3 25. Rxd7 Bxd4 26. Rcc7 Bc5 27.
d6 Bxd6 28. Bxd6 exd6 29. Ra7 O-O 30. Ke2 Rfb8 31. Rxf7 Rb2+ 32. Kf3 a2 33.
Rg7+ Kf8 34. Rxh7 Rxa7 35. Rxa7 Ke8 36. h4 Kd8 37. h5 Kc8 38. g4 Kb8 39. Ra3
Kc7 40. h6 Kc6 41. g5 Kc5 42. h7 Rh2 43. g6 Kb4 44. Rxa2 1-0

[Event "Gibtelecom ChallWk1 7th"]
[Site "Gibraltar"]
[Date "2009.01.27"]
[Round "1.31"]
[White "Carame Gonzalez, Francisco"]
[Black "Pali, Gabor"]
[Result "1-0"]
[WhiteElo "1959"]
[BlackElo "2048"]
[PlyCount "63"]
[EventDate "2009.01.27"]
[EventType "swiss"]
[EventRounds "5"]
[EventCountry "GGB"]
[SourceTitle "BritBase"]
[Source "www.saund.co.uk"]
[SourceDate "2018.02.10"]
[SourceVersion "1"]
[SourceVersionDate "2018.02.10"]
[SourceQuality "1"]

1. e4 d6 2. d4 Nd7 3. Nc3 e5 4. Nf3 Be7 5. Bc4 c6 6. a4 Nb6 7. Ba2 exd4 8. Nxd4
Nf6 9. O-O O-O 10. Bf4 d5 11. a5 Nc4 12. e5 Ne8 13. Bxc4 dxc4 14. Ra4 g6 15.
Rxc4 Qxa5 16. Nb3 Qa6 17. Ra4 Qb6 18. Qd2 Be6 19. Bg5 Bxg5 20. Qxg5 Bxb3 21.
cxb3 Qxb3 22. Rf4 Qe6 23. Ne4 h6 24. Qxh6 Qxe5 25. Re1 Qg7 26. Qh4 Qxb2 27. Qe7
a5 28. h4 a4 29. h5 Qg7 30. hxg6 f5 31. Qe6+ Rf7 32. Rxf5 1-0

[Event "Gibtelecom ChallWk1 7th"]
[Site "Gibraltar"]
[Date "2009.01.28"]
[Round "2.1"]
[White "Haugstad, Espen"]
[Black "Daoudi, Kamal"]
[Result "0-1"]
[WhiteElo "2114"]
[BlackElo "2209"]
[PlyCount "58"]
[EventDate "2009.01.27"]
[EventType "swiss"]
[EventRounds "5"]
[EventCountry "GGB"]
[SourceTitle "BritBase"]
[Source "www.saund.co.uk"]
[SourceDate "2018.02.10"]
[SourceVersion "1"]
[SourceVersionDate "2018.02.10"]
[SourceQuality "1"]

1. e4 Nf6 2. e5 Nd5 3. d4 d6 4. c4 Nb6 5. exd6 exd6 6. Nc3 Be7 7. Be3 O-O 8.
Nf3 Bg4 9. b3 Nc6 10. Be2 Re8 11. O-O Bf6 12. Rc1 g6 13. Qd2 a5 14. d5 Nb4 15.
Nd4 Bxe2 16. Ncxe2 Nd7 17. f4 Nxa2 18. Rb1 Qe7 19. Rf3 Nb4 20. Ng3 Bg7 21. Rbf1
Qf6 22. Kh1 Rxe3 23. Rxe3 Qxd4 24. Qe2 Rf8 25. Re7 Nc5 26. f5 Be5 27. fxg6 hxg6
28. Rxc7 Qh4 29. Rf3 Nba6 0-1

[Event "Gibtelecom ChallWk1 7th"]
[Site "Gibraltar"]
[Date "2009.01.28"]
[Round "2.2"]
[White "Kvisla, Johannes Luangtep"]
[Black "Hagen, Anders Gjerdrum"]
[Result "0-1"]
[WhiteElo "2208"]
[BlackElo "2110"]
[PlyCount "102"]
[EventDate "2009.01.27"]
[EventType "swiss"]
[EventRounds "5"]
[EventCountry "GGB"]
[SourceTitle "BritBase"]
[Source "www.saund.co.uk"]
[SourceDate "2018.02.10"]
[SourceVersion "1"]
[SourceVersionDate "2018.02.10"]
[SourceQuality "1"]

1. Nf3 d5 2. c4 c6 3. e3 Nf6 4. b3 Bg4 5. Be2 Nbd7 6. Bb2 e6 7. d3 h6 8. Nbd2
Bd6 9. O-O O-O 10. Rc1 e5 11. h3 Bh5 12. cxd5 cxd5 13. e4 Re8 14. Re1 d4 15.
Nxd4 Bxe2 16. Nxe2 Nc5 17. Nc4 Bc7 18. Qc2 Nxd3 19. Red1 Nxc1 20. Rxd8 Nxe2+
21. Qxe2 Raxd8 22. a4 Re6 23. g3 Nd7 24. Ne3 Bb6 25. Nf5 Kh7 26. Kg2 Nc5 27.
Bc3 Nd3 28. Ne3 Bxe3 29. Qxe3 Rc6 30. Bd2 Rc2 31. Kg1 Nxf2 32. Qxf2 Rdxd2 33.
Qf1 Rg2+ 34. Qxg2 Rxg2+ 35. Kxg2 Kg6 36. Kf3 h5 37. b4 Kf6 38. Ke3 Ke6 39. g4
Kf6 40. gxh5 Kg5 41. Kd3 Kf4 42. a5 a6 43. Kc4 Kxe4 44. Kc5 f5 45. Kb6 f4 46.
Kxb7 f3 47. b5 f2 48. bxa6 f1=Q 49. a7 Qb5+ 50. Kc8 Qxa5 51. Kb8 Qb6+ 0-1

[Event "Gibtelecom ChallWk1 7th"]
[Site "Gibraltar"]
[Date "2009.01.28"]
[Round "2.3"]
[White "Vinas Guerrero, Carlos A"]
[Black "Getz, Nicolai"]
[Result "0-1"]
[WhiteElo "2104"]
[BlackElo "2190"]
[PlyCount "38"]
[EventDate "2009.01.27"]
[EventType "swiss"]
[EventRounds "5"]
[EventCountry "GGB"]
[SourceTitle "BritBase"]
[Source "www.saund.co.uk"]
[SourceDate "2018.02.10"]
[SourceVersion "1"]
[SourceVersionDate "2018.02.10"]
[SourceQuality "1"]

1. e4 c5 2. Nf3 e6 3. d4 cxd4 4. Nxd4 Nc6 5. Nc3 Qc7 6. Be3 a6 7. Qd2 Nf6 8. f3
Ne5 9. O-O-O b5 10. Qe1 Bb7 11. Nb3 Rc8 12. Qf2 b4 13. Bb6 Qb8 14. Nb1 d5 15.
exd5 Nxd5 16. Bd4 Qc7 17. Rd2 Be7 18. Be2 Bg5 19. Nc5 Nd7 0-1

[Event "Gibtelecom ChallWk1 7th"]
[Site "Gibraltar"]
[Date "2009.01.28"]
[Round "2.4"]
[White "Kozlov, Oleg"]
[Black "Ercan, Mehmet Fahri"]
[Result "1-0"]
[WhiteElo "2187"]
[BlackElo "2091"]
[PlyCount "63"]
[EventDate "2009.01.27"]
[EventType "swiss"]
[EventRounds "5"]
[EventCountry "GGB"]
[SourceTitle "BritBase"]
[Source "www.saund.co.uk"]
[SourceDate "2018.02.10"]
[SourceVersion "1"]
[SourceVersionDate "2018.02.10"]
[SourceQuality "1"]

1. c4 c6 2. d4 d5 3. Nc3 e6 4. Nf3 Nf6 5. g3 Nbd7 6. Bg2 Be7 7. O-O O-O 8. Qc2
Nb6 9. cxd5 exd5 10. Rd1 h6 11. Bf4 Be6 12. Ne5 Qc8 13. Rac1 Bf5 14. Qb3 g5 15.
Be3 Qe6 16. Na4 Nxa4 17. Qxa4 Ng4 18. Nxg4 Bxg4 19. Re1 f5 20. Qb3 f4 21. Bd2
Qd7 22. gxf4 gxf4 23. Kh1 Bh4 24. Rg1 h5 25. Bf3 Kh8 26. Bxg4 hxg4 27. Rg2 Qf7
28. Rxg4 Bxf2 29. Qf3 Qh5 30. Rg8+ Kxg8 31. Qxh5 Rf7 32. Bxf4 1-0

[Event "Gibtelecom ChallWk1 7th"]
[Site "Gibraltar"]
[Date "2009.01.28"]
[Round "2.5"]
[White "Wheldon, Philip"]
[Black "Hagesaether, Arne"]
[Result "1/2-1/2"]
[WhiteElo "2094"]
[BlackElo "2184"]
[PlyCount "77"]
[EventDate "2009.01.27"]
[EventType "swiss"]
[EventRounds "5"]
[EventCountry "GGB"]
[SourceTitle "BritBase"]
[Source "www.saund.co.uk"]
[SourceDate "2018.02.10"]
[SourceVersion "1"]
[SourceVersionDate "2018.02.10"]
[SourceQuality "1"]

1. e4 c6 2. d4 d5 3. Nd2 dxe4 4. Nxe4 Bf5 5. Ng3 Bg6 6. Nf3 Nd7 7. h4 h6 8. h5
Bh7 9. Bd3 Bxd3 10. Qxd3 e6 11. Bf4 Qa5+ 12. Bd2 Bb4 13. c3 Be7 14. O-O Ngf6
15. Rfe1 O-O 16. Nf5 Rfe8 17. Nxe7+ Rxe7 18. Ne5 Rd8 19. c4 Qa6 20. Qc2 Nxh5
21. g4 Nhf6 22. g5 hxg5 23. Bxg5 c5 24. Rad1 Qb6 25. Rd3 cxd4 26. f4 Ree8 27.
Qh2 Qa5 28. Qh4 Kf8 29. Re2 Ke7 30. Qh3 Rh8 31. Ng6+ fxg6 32. Qxe6+ Kf8 33.
Qe7+ Kg8 34. Ra3 Qc7 35. Bxf6 gxf6 36. Qe6+ Kg7 37. Qe7+ Kg8 38. Qe6+ Kg7 39.
Qe7+ 1/2-1/2

[Event "Gibtelecom ChallWk1 7th"]
[Site "Gibraltar"]
[Date "2009.01.28"]
[Round "2.6"]
[White "Lovik, Lasse Ostebo"]
[Black "Bucknell, Malcolm Gordon"]
[Result "1/2-1/2"]
[WhiteElo "2184"]
[BlackElo "2064"]
[PlyCount "159"]
[EventDate "2009.01.27"]
[EventType "swiss"]
[EventRounds "5"]
[EventCountry "GGB"]
[SourceTitle "BritBase"]
[Source "www.saund.co.uk"]
[SourceDate "2018.02.10"]
[SourceVersion "1"]
[SourceVersionDate "2018.02.10"]
[SourceQuality "1"]

1. e4 c6 2. d4 d5 3. Nc3 dxe4 4. Nxe4 Bf5 5. Ng3 Bg6 6. Nf3 Nd7 7. h4 h6 8. h5
Bh7 9. Bd3 Bxd3 10. Qxd3 Ngf6 11. b3 e6 12. Bb2 Bb4+ 13. c3 Bd6 14. Nd2 Qe7 15.
Nc4 O-O-O 16. O-O-O Nb6 17. Nxd6+ Qxd6 18. c4 c5 19. Qe3 cxd4 20. Bxd4 Qc6 21.
f3 Nfd5 22. Qe4 f6 23. Kb1 Nc7 24. Qxc6 bxc6 25. Bc5 Rxd1+ 26. Rxd1 Rd8 27.
Rxd8+ Kxd8 28. Kc2 e5 29. Be3 Ne6 30. a4 c5 31. Nf5 Kd7 32. a5 Nc8 33. g4 Ne7
34. Nxe7 Kxe7 35. Kd3 a6 36. Ke4 Kd6 37. f4 exf4 38. Bxf4+ Nxf4 39. Kxf4 Kd7
40. Ke3 Ke6 41. Ke4 Kd6 42. Kd3 Ke6 43. Kc3 f5 44. gxf5+ Kxf5 45. b4 cxb4+ 46.
Kxb4 g5 47. hxg6 Kxg6 48. Kc5 h5 49. Kb6 h4 50. c5 h3 51. c6 h2 52. c7 h1=Q 53.
c8=Q Qg1+ 54. Kxa6 Qf1+ 55. Ka7 Qf2+ 56. Ka8 Qf3+ 57. Qb7 Qf8+ 58. Ka7 Kh5 59.
Qc7 Qf2+ 60. Qb6 Qf7+ 61. Ka6 Kh4 62. Qd6 Qf1+ 63. Ka7 Qf2+ 64. Kb8 Qb2+ 65.
Kc8 Qc3+ 66. Qc7 Qa3 67. Qc4+ Kh5 68. a6 Qf8+ 69. Kd7 Qf5+ 70. Qe6 Qa5 71. Ke7
Qc7+ 72. Kf6 Qd8+ 73. Kg7 Qd4+ 74. Qf6 Qg4+ 75. Kh7 Qe4+ 76. Kg7 Qg4+ 77. Kh8
Qc8+ 78. Kh7 Qd7+ 79. Kg8 Qc8+ 80. Kf7 1/2-1/2

[Event "Gibtelecom ChallWk1 7th"]
[Site "Gibraltar"]
[Date "2009.01.28"]
[Round "2.7"]
[White "Vea, Odin Blikra"]
[Black "Gandrud, Vegar Koi"]
[Result "1-0"]
[WhiteElo "2169"]
[BlackElo "2046"]
[PlyCount "63"]
[EventDate "2009.01.27"]
[EventType "swiss"]
[EventRounds "5"]
[EventCountry "GGB"]
[SourceTitle "BritBase"]
[Source "www.saund.co.uk"]
[SourceDate "2018.02.10"]
[SourceVersion "1"]
[SourceVersionDate "2018.02.10"]
[SourceQuality "1"]

1. e4 c5 2. Nf3 d6 3. d4 cxd4 4. Nxd4 Nf6 5. Nc3 a6 6. Be3 e6 7. g4 h6 8. Bg2
Qc7 9. h3 Nc6 10. Qe2 Be7 11. f4 Nxd4 12. Bxd4 e5 13. Be3 Be6 14. O-O-O Rc8 15.
Nd5 Bxd5 16. exd5 Nd7 17. Kb1 O-O 18. Be4 exf4 19. Bxf4 Qc4 20. Qf3 Nc5 21. Bf5
Rc7 22. Rhe1 Rd8 23. g5 Qb5 24. Re3 g6 25. Rde1 Bxg5 26. Bxg5 hxg5 27. Qg3 Na4
28. b3 Qxd5 29. Qxg5 Rdc8 30. Qh6 Nc3+ 31. Ka1 Qb5 32. Bxg6 1-0

[Event "Gibtelecom ChallWk1 7th"]
[Site "Gibraltar"]
[Date "2009.01.28"]
[Round "2.8"]
[White "Horton-Kitchlew, Andrew"]
[Black "Steffenello, Leonard"]
[Result "1-0"]
[WhiteElo "2084"]
[BlackElo "2164"]
[PlyCount "60"]
[EventDate "2009.01.27"]
[EventType "swiss"]
[EventRounds "5"]
[EventCountry "GGB"]
[SourceTitle "BritBase"]
[Source "www.saund.co.uk"]
[SourceDate "2018.02.10"]
[SourceVersion "1"]
[SourceVersionDate "2018.02.10"]
[SourceQuality "1"]

1. e4 c6 2. Nc3 d5 3. exd5 cxd5 4. Nf3 Nc6 5. Bb5 e6 6. O-O Nf6 7. d4 a6 8. Bd3
Bd6 9. Bg5 h6 10. Bh4 Be7 11. Re1 O-O 12. a3 Bd7 13. Nb1 Nh7 14. Bg3 Bf6 15. c3
Re8 16. Nbd2 Qb6 17. b4 Rac8 18. Rc1 Be7 19. Nb3 Nb8 20. Ne5 Nf8 21. Qh5 f5 22.
Re3 Qd8 23. Bf4 Bg5 24. Rg3 Qf6 25. Bxg5 hxg5 26. Rxg5 Re7 27. Rg3 Be8 28. Qe2
Nc6 29. Nc5 g6 30. Rh3 Nb8 1-0

[Event "Gibtelecom ChallWk1 7th"]
[Site "Gibraltar"]
[Date "2009.01.28"]
[Round "2.9"]
[White "Byron, Alan M"]
[Black "Hamer, Martyn"]
[Result "1-0"]
[WhiteElo "2162"]
[BlackElo "2022"]
[PlyCount "45"]
[EventDate "2009.01.27"]
[EventType "swiss"]
[EventRounds "5"]
[EventCountry "GGB"]
[SourceTitle "BritBase"]
[Source "www.saund.co.uk"]
[SourceDate "2018.02.10"]
[SourceVersion "1"]
[SourceVersionDate "2018.02.10"]
[SourceQuality "1"]

1. c4 Nf6 2. Nc3 g6 3. g3 Bg7 4. Bg2 O-O 5. e4 d6 6. d3 c5 7. Nge2 Nc6 8. O-O
Rb8 9. h3 Bd7 10. Be3 a6 11. Qd2 b5 12. Kh2 Qc8 13. f4 Ne8 14. Rae1 Nd4 15. b3
f5 16. e5 dxe5 17. fxe5 Bxe5 18. Nd5 Bd6 19. Nxd4 cxd4 20. Bxd4 e6 21. c5 Bxc5
22. Rc1 exd5 23. Rxc5 1-0

[Event "Gibtelecom ChallWk1 7th"]
[Site "Gibraltar"]
[Date "2009.01.28"]
[Round "2.10"]
[White "Beltran Medina, Jorge"]
[Black "Perez Aleman, Pedro Tomas"]
[Result "1/2-1/2"]
[WhiteElo "2006"]
[BlackElo "2160"]
[PlyCount "72"]
[EventDate "2009.01.27"]
[EventType "swiss"]
[EventRounds "5"]
[EventCountry "GGB"]
[SourceTitle "BritBase"]
[Source "www.saund.co.uk"]
[SourceDate "2018.02.10"]
[SourceVersion "1"]
[SourceVersionDate "2018.02.10"]
[SourceQuality "1"]

1. d4 Nf6 2. c4 g6 3. Nc3 Bg7 4. e4 d6 5. f3 O-O 6. Be3 Nc6 7. Nge2 a6 8. Qd2
Rb8 9. Rb1 b5 10. cxb5 axb5 11. b4 Bd7 12. d5 Ne5 13. Nd4 Qe8 14. Be2 e6 15.
dxe6 fxe6 16. O-O Nc4 17. Bxc4 bxc4 18. Rfd1 e5 19. Nde2 Be6 20. a4 Qf7 21. b5
Rfd8 22. b6 c6 23. a5 d5 24. a6 d4 25. Bf2 Nd7 26. Na4 c3 27. Nexc3 Bb3 28. b7
Bf8 29. Rxb3 Qxb3 30. Rb1 dxc3 31. Nxc3 Nc5 32. Rxb3 Rxd2 33. a7 Rdd8 34. Bxc5
Bxc5+ 35. Kf1 Kf7 36. Ke2 Ke6 1/2-1/2

[Event "Gibtelecom ChallWk1 7th"]
[Site "Gibraltar"]
[Date "2009.01.28"]
[Round "2.11"]
[White "Bates, Caspar J"]
[Black "Carame Gonzalez, Francisco"]
[Result "1-0"]
[WhiteElo "2142"]
[BlackElo "1959"]
[PlyCount "80"]
[EventDate "2009.01.27"]
[EventType "swiss"]
[EventRounds "5"]
[EventCountry "GGB"]
[SourceTitle "BritBase"]
[Source "www.saund.co.uk"]
[SourceDate "2018.02.10"]
[SourceVersion "1"]
[SourceVersionDate "2018.02.10"]
[SourceQuality "1"]

1. e4 c5 2. Nf3 d6 3. d4 cxd4 4. Nxd4 Nf6 5. Nc3 Nc6 6. Bc4 e6 7. Be3 Be7 8.
Qe2 a6 9. O-O-O Qc7 10. f3 Bd7 11. Rd2 Nxd4 12. Bxd4 b5 13. Bb3 b4 14. Na4 Bb5
15. Qf2 O-O 16. c4 bxc3 17. Nxc3 Bc4 18. Bxc4 Qxc4 19. Kb1 Rab8 20. Rc1 Qb4 21.
Be3 Nd7 22. Rd4 Qb7 23. Na4 Rfc8 24. Rxc8+ Rxc8 25. b3 Ne5 26. Nb2 Qb5 27. Rd1
Rc6 28. Qf1 Qb7 29. h3 Bf6 30. Qe2 Qc7 31. Rc1 Nd7 32. Rxc6 Qxc6 33. Qc2 Qb7
34. Nc4 Qc6 35. Na5 Qb5 36. Nc4 Qc6 37. Bf4 Qc5 38. Bxd6 Qg1+ 39. Qc1 Qxg2 40.
Ne3 Nb8 1-0

[Event "Gibtelecom ChallWk1 7th"]
[Site "Gibraltar"]
[Date "2009.01.28"]
[Round "2.12"]
[White "Demac, Elias"]
[Black "Green, Andrew D"]
[Result "0-1"]
[WhiteElo "1993"]
[BlackElo "2136"]
[PlyCount "166"]
[EventDate "2009.01.27"]
[EventType "swiss"]
[EventRounds "5"]
[EventCountry "GGB"]
[SourceTitle "BritBase"]
[Source "www.saund.co.uk"]
[SourceDate "2018.02.10"]
[SourceVersion "1"]
[SourceVersionDate "2018.02.10"]
[SourceQuality "1"]

1. d4 Nf6 2. Bg5 e6 3. e4 h6 4. Bxf6 Qxf6 5. Nf3 d6 6. c3 Nc6 7. Nbd2 g5 8. h3
Bg7 9. Bd3 Qe7 10. Qc2 Bd7 11. O-O-O O-O-O 12. b4 Rdf8 13. Rde1 Qd8 14. Nc4 f5
15. e5 d5 16. Nb2 h5 17. Na4 b6 18. Qb3 Qe8 19. Nxg5 Nxe5 20. Nxb6+ cxb6 21.
dxe5 Bh6 22. h4 Bb5 23. Bxb5 Qxb5 24. f4 Bxg5 25. hxg5 Kb7 26. a4 Qd7 27. Kb2
Rc8 28. Rd1 b5 29. a5 a6 30. Rd4 Rc7 31. Qd1 Qe8 32. Rh3 Kc8 33. Qf3 Kb8 34.
Rd1 Qf7 35. Rdh1 d4 36. Rxh5 dxc3+ 37. Kc2 Rd8 38. Rd1 Rd2+ 39. Rxd2 cxd2+ 40.
Kxd2 Qd7+ 41. Qd3 Qe8 42. Qf3 Qd8+ 43. Ke1 Rc1+ 44. Kf2 Qd2+ 45. Kg3 Rc3 46.
Rh8+ Kc7 47. g6 Rxf3+ 48. gxf3 Qe1+ 49. Kg2 Qe2+ 50. Kg3 Qf1 51. Rh2 Qg1+ 52.
Rg2 Qe1+ 53. Rf2 Qh1 54. Rh2 Qg1+ 55. Rg2 Qa7 56. g7 Qb8 57. Kf2 Qg8 58. Ke3
Kc6 59. Kd3 Kd5 60. Rg1 Kc6 61. Rc1+ Kd7 62. Rg1 Ke7 63. Kd4 Kf7 64. Kc5 Qc8+
65. Kb6 Kg8 66. Rg6 Qa8 67. Rg3 Qd5 68. Kxa6 Qc6+ 69. Ka7 Qc7+ 70. Ka6 Qb8 71.
Rg6 Qe8 72. Rg3 Qc6+ 73. Ka7 Qc4 74. Kb7 Qxb4 75. a6 Qe7+ 76. Kb8 Qd8+ 77. Kb7
Qd5+ 78. Kb8 b4 79. a7 Qb5+ 80. Kc7 Qa6 81. Kb8 Qb6+ 82. Ka8 Qc7 83. Rh3 Qc8#
0-1

[Event "Gibtelecom ChallWk1 7th"]
[Site "Gibraltar"]
[Date "2009.01.28"]
[Round "2.13"]
[White "Osuna Vega, Enrique"]
[Black "Skage, Oystein Aagedal"]
[Result "1-0"]
[WhiteElo "2130"]
[BlackElo "1925"]
[PlyCount "101"]
[EventDate "2009.01.27"]
[EventType "swiss"]
[EventRounds "5"]
[EventCountry "GGB"]
[SourceTitle "BritBase"]
[Source "www.saund.co.uk"]
[SourceDate "2018.02.10"]
[SourceVersion "1"]
[SourceVersionDate "2018.02.10"]
[SourceQuality "1"]

1. d4 d5 2. c4 c6 3. Nc3 Nf6 4. Nf3 a6 5. cxd5 cxd5 6. Bf4 Nc6 7. e3 e6 8. Bd3
Bd6 9. Bxd6 Qxd6 10. O-O O-O 11. Rc1 Rd8 12. Bb1 e5 13. dxe5 Nxe5 14. Nxe5 Qxe5
15. Qd4 Ng4 16. Qxe5 Nxe5 17. Rfd1 Be6 18. b3 b5 19. h3 Rac8 20. f4 b4 21. Ne2
Nc6 22. f5 Bd7 23. Rxd5 Nb8 24. Rdc5 h6 25. Nd4 Rxc5 26. Rxc5 Rc8 27. Rxc8+
Bxc8 28. Kf2 Nd7 29. Nc6 Bb7 30. Nxb4 a5 31. Nd3 Be4 32. g4 h5 33. Ne5 Bxb1 34.
Nxd7 Bxa2 35. Nc5 hxg4 36. hxg4 Kf8 37. Ke2 Ke7 38. Kd1 Kd6 39. Ne4+ Ke5 40.
Nd2 Kf6 41. Ke2 Kg5 42. Kf3 Kh4 43. Kf4 f6 44. e4 Kh3 45. g5 Kg2 46. e5 fxe5+
47. Kxe5 Kf2 48. f6 gxf6+ 49. gxf6 Ke2 50. f7 Kxd2 51. f8=Q 1-0